[Event "SVK-chT3B2 2324"]
[Site "Slovakia"]
[Date "2023.12.10"]
[Round "5.8"]
[White "Rucek, Pavol"]
[Black "Lachky, Matej"]
[Result "0-1"]
[WhiteElo "1362"]
[BlackElo "1543"]
[PlyCount "66"]
[EventDate "2023.10.15"]
[EventType "team-tourn"]
[EventRounds "11"]
[EventCountry "SVK"]
[SourceTitle "EXT 2025"]
[Source "ChessBase"]
[SourceDate "2024.10.14"]
[SourceVersion "1"]
[SourceVersionDate "2024.10.14"]
[SourceQuality "1"]
[WhiteTeam "Belusa"]
[BlackTeam "Prievidza III"]
[WhiteTeamCountry "SVK"]
[BlackTeamCountry "SVK"]

1. d4 e6 2. Bf4 d5 3. e3 Nf6 4. c3 Bd6 5. Bg3 0-0 6. Nf3 b6 7. Bd3 Bb7 8. Nbd2 Nbd7 9. Qc2 Re8 10. 0-0 e5 11. e4 exd4 12. Nxd4 dxe4 13. Bc4 Bxg3 14. hxg3 a6 15. Qb3 Ne5 16. a4 c5 17. Nf5 Qxd2 18. Qxb6 Nxc4 19. Qxb7 Qxb2 20. Qc6 Qb6 21. Qxb6 Nxb6 22. Ra2 Nbd5 23. Nd6 Red8 24. Nb7 Rdb8 25. Nxc5 Rc8 26. c4 Rxc5 27. cxd5 Rxd5 28. Re2 Rad8 29. f3 exf3 30. gxf3 h6 31. Rc1 Rd1+ 32. Rxd1 Rxd1+ 33. Kf2 Ra1 0-1